Currere and the environmental autobiography : a phenonmenological approach to the teaching of ecology (Record no. 143461)

MARC details
000 -LEADER
fixed length control field 00813nam a2200241Ia 4500
008 - FIXED-LENGTH DATA ELEMENTS--GENERAL INFORMATION
fixed length control field 191130s2004##################000#0#eng##
020 ## - INTERNATIONAL STANDARD BOOK NUMBER
ISBN 9780820463698
082 ## - DEWEY DECIMAL CLASSIFICATION NUMBER
Classification number 577.071 DOE
100 ## - MAIN ENTRY--AUTHOR NAME
Personal name Doerr, Marilyn N
245 ## - TITLE STATEMENT
Title Currere and the environmental autobiography : a phenonmenological approach to the teaching of ecology
Statement of responsibility, etc Marilyn N. Doerr
250 ## - EDITION STATEMENT
Edition statement 1st ed
260 ## - PUBLICATION, DISTRIBUTION, ETC. (IMPRINT)
Place of publication Frankfurt am Main ; New York
Name of publisher Peter Lang
Year of publication 2004
300 ## - PHYSICAL DESCRIPTION
Number of Pages viii, 207 p. ; 23 cm., : alk. paper
500 ## - GENERAL NOTE
General note Includes bibliographical references (p. [197]-207)
650 ## - SUBJECT ADDED ENTRY--TOPICAL TERM
Topical Term Ecology - Study and teaching
Topical Term Education - Biographical methods
Topical Term Phenomenology
991 ## -
-- 252537
Holdings
Withdrawn status Lost status Damaged status Not for loan Home library Current library Shelving location Date acquired Full call number Accession Number Price effective from Koha item type
        Anna Centenary Library Anna Centenary Library 5TH FLOOR, A WING 12.10.2020 577.071 DOE 218632 12.10.2020 English Books

Find us on the map